[Event "Medellin de La Raza U2000 op"]
[Site "Medellin"]
[Date "2023.10.13"]
[Round "3"]
[White "Sanabria, Edgar"]
[Black "Castano Escobar, Jose Roman"]
[Result "1-0"]
[WhiteElo "1547"]
[BlackElo "1172"]
[PlyCount "63"]
[EventDate "2023.10.12"]
[EventType "swiss"]
[EventRounds "9"]
[EventCountry "COL"]
[SourceTitle "Mega2024 Update 01"]
[Source "Chessbase"]
[SourceDate "2023.11.12"]
[SourceVersion "1"]
[SourceVersionDate "2023.11.12"]
[SourceQuality "1"]

1. e4 c5 2. Nf3 Nc6 3. b3 d6 4. Bb2 e5 5. Nc3 Nf6 6. Bc4 Be7 7. d3 0-0 8. Nd5 Na5 9. Nxf6+ Bxf6 10. Bd5 Be6 11. c4 Nc6 12. h3 Rc8 13. Qd2 Bxd5 14. exd5 Nd4 15. Bxd4 exd4 16. 0-0 h6 17. b4 b6 18. b5 Qd7 19. a4 Rfe8 20. a5 bxa5 21. Rxa5 Bd8 22. Ra6 Bb6 23. Qd1 Re7 24. Re1 Rce8 25. Rxe7 Qxe7 26. Kf1 Qf6 27. Ra2 Qf5 28. Ra3 g5 29. Nd2 Qf4 30. Ne4 Kg7 31. Ra2 Qh2 32. Ng3 1-0

[Event "Medellin U2000 op"]
[Site "Medellin"]
[Date "2022.05.21"]
[Round "5"]
[White "Castano Escobar, Jose Roman"]
[Black "Briceno Suarez, Elisabet"]
[Result "0-1"]
[WhiteElo "1227"]
[BlackElo "1002"]
[PlyCount "46"]
[EventDate "2022.05.18"]
[EventType "swiss"]
[EventRounds "7"]
[EventCountry "COL"]
[SourceTitle "CBM 208 Extra"]
[Source "ChessBase"]
[SourceDate "2022.07.31"]
[SourceVersion "1"]
[SourceVersionDate "2022.07.31"]
[SourceQuality "1"]

1. d4 d5 2. Nf3 Nf6 3. e3 Bf5 4. Bd3 Bg6 5. Nbd2 e6 6. 0-0 Bd6 7. Re1 Ne4 8. Ne5 Bxe5 9. dxe5 Nd7 10. f4 Ndc5 11. Nb3 Nxb3 12. axb3 0-0 13. b4 f6 14. c4 fxe5 15. cxd5 exd5 16. fxe5 Nf2 17. Qb3 Nxd3 18. e4 Nxe1 19. exd5 Nc2 20. d6+ Kh8 21. Ra5 cxd6 22. Rd5 Qb6+ 23. Be3 Nxe3 0-1

[Event "Medellin Raza op 8th"]
[Site "Medellin"]
[Date "2018.10.04"]
[Round "1"]
[White "Castano Escobar, Jose Roman"]
[Black "Martyr, Reginald"]
[Result "0-1"]
[WhiteElo "1257"]
[BlackElo "2125"]
[PlyCount "94"]
[EventDate "2018.10.04"]
[EventType "swiss"]
[EventRounds "7"]
[EventCountry "COL"]
[SourceTitle "CBM 186 Extra"]
[Source "ChessBase"]
[SourceDate "2018.08.24"]
[SourceVersion "1"]
[SourceVersionDate "2018.08.24"]
[SourceQuality "1"]

1. d4 Nf6 2. c4 c5 3. Nf3 g6 4. Nc3 Bg7 5. e4 cxd4 6. Nxd4 d6 7. Be2 Nc6 8. Nxc6 bxc6 9. e5 dxe5 10. Qxd8+ Kxd8 11. 0-0 Bf5 12. Be3 a5 13. Rad1+ Kc7 14. b3 Rhd8 15. Bc5 Rxd1 16. Rxd1 Bf8 17. f3 Nd7 18. Be3 Be6 19. Ne4 f6 20. Nc5 Nxc5 21. Bxc5 Bf7 22. a3 e6 23. Bxf8 Rxf8 24. Rb1 c5 25. b4 axb4 26. axb4 cxb4 27. Rxb4 Rb8 28. Ra4 Be8 29. Ra6 Bc6 30. Kf2 Ra8 31. Rxa8 Bxa8 32. Ke3 Kd6 33. g4 Kc5 34. h4 Bb7 35. Kd3 Kb4 36. Ke3 f5 37. f4 exf4+ 38. Kxf4 Ba6 39. gxf5 gxf5 40. h5 Bxc4 41. Bf3 Kc3 42. h6 Kd4 43. Bh5 Bd3 44. Kg5 e5 45. Kh4 f4 46. Bd1 Ke3 47. Kh3 f3 0-1